Quizzes
Events
Quiz Creation
Community
Videos
Private Events
Remove Ads
Sign In
Join for FREE
Feedback
Dark Mode
Quiz Categories
Sports
Geography
Music
Movies
Television
Just For Fun
Miscellaneous
History
Literature
Language
Science
Gaming
Entertainment
Religion
Holiday
For Kids
Quiz Lab
Recent
Popular Today
Quiz Kudos Today
Editor Picks
Curator Picks
Quizzes by...
Day
Popularity
Type
Ratings
Length
Year
Community
Subscriptions
Recent Discussions
Orange Saloon
Badges
Playlists
Quests
Create
Leaderboards
Showdown
Live 5
Trivia Bingo
Activity
Puzzle Library
Sporcle Events
Private Events
Virtual Trivia
Globe League
Become a Host
Pub Owners
SporcleCon
Opinionation
Our Games
Videos
Blog
Mobile Apps
Partnerships
Remove Ads and Go Orange
Feedback
Television
TV Characters
TV Show
Sitcom
Network
Friends
Reality Shows
Cast
South Park
Star Trek
The Simpsons
Doctor Who
Television
TV Characters
TV Show
Sitcom
Network
Friends
Reality Shows
Cast
South Park
Star Trek
The Simpsons
Doctor Who
Random Quiz
Search Sporcle
×
Quiz Lab
Quiz Lab
Television
United Kingdom
Type in answers that appear in a list
Type in answers that appear in a list
Classic
Best Score? Go Orange.
I'm A Celebrity... Get Me Out of Here! Contestants Stats
Can you name all the I'm A Celebrity Contestants from the UK Series?
By
mpoole793
20m
187 Questions
817 Plays
817 Plays
817 Plays
Comments
Comments
Give Quiz Kudos
Give Quiz Kudos
-
- Ratings
hide this ad
Replay
Link that replays current quiz
Next Quiz
Link to next quiz in quiz playlist
You Got
0%
They Got
Avg Score
38%
Avg Friend Score
Upgrade to see
Score Distribution
Jump to the score distribution portion of the page
Score
0/187
Timer
20:00
0
Plays Today
Series
Contestant
% Correct
Series 3 (2004)
Katie Price
83.4%
Series 9 (2009)
Katie Price
83.4%
Series 1 (2002)
Tony Blackburn
77%
Series 3 (2004)
Peter Andre
73.3%
Series 3 (2004)
Kerry Katona
67.8%
Series 16 (2016)
Ola Jordan
65.6%
Series 2 (2003)
Phil Tufnell
65.4%
Series 5 (2005)
Carol Thatcher
63.3%
Series 8 (2008)
Joe Swash
62.5%
Series 13 (2013)
Joey Essex
61.8%
Series 16 (2016)
Scarlett Moffatt
61.3%
Series 15 (2015)
Lady Colin Campbell
59.4%
Series 10 (2010)
Stacey Solomon
57.6%
Series 12 (2012)
Ashley Roberts
56.9%
Series 15 (2015)
Vicky Pattison
56.1%
Series 11 (2011)
Mark Wright
55.8%
Series 13 (2013)
Kian Egan
55.7%
Series 14 (2014)
Carl 'Foggy' Fogarty
55.4%
Series 15 (2015)
Chris Eubank
55.2%
Series 16 (2016)
Jordan Banjo
54.9%
Series 16 (2016)
Carol Vorderman
54.3%
Series 4 (2004)
Paul Burrell
54.1%
Series 12 (2012)
David Haye
54%
Series 11 (2011)
Dougie Poynter
53.2%
Series 1 (2002)
Tara Palmer-Tomkinson
53.1%
Series 14 (2014)
Gemma Collins
52.1%
Series 15 (2015)
Spencer Matthews
52.1%
Series 3 (2004)
John Lydon
50.1%
Series 12 (2012)
Charlie Brooks
49.8%
Series 15 (2015)
Ferne McCann
49.8%
Series 4 (2004)
Joe Pasquale
49.7%
Series 1 (2002)
Uri Geller
49.6%
Series 10 (2010)
Shaun Ryder
49.6%
Series 13 (2013)
Steve Davis
49.6%
Series 12 (2012)
Eric Bristow
49.2%
Series 5 (2005)
Jimmy Osmond
49%
Series 7 (2007)
Cerys Matthews
49%
Series 14 (2014)
Jake Quickenden
48.6%
Series 16 (2016)
Martin Roberts
48.3%
Series 1 (2002)
Nigel Benn
47.7%
Series 3 (2004)
Jennie Bond
47.7%
Series 3 (2004)
Alex Best
47.4%
Series 7 (2007)
Christopher Biggins
47.2%
Series 10 (2010)
Gillian McKeith
47.2%
Series 15 (2015)
Duncan Bannatyne
47.1%
Series 2 (2003)
Antony Worrall Thompson
46.8%
Series 16 (2016)
Wayne Bridge
46.7%
Series 8 (2008)
Simon Webbe
46.6%
Series 11 (2011)
Fatima Whitbread
46.6%
Series 16 (2016)
Joel Dommett
46.4%
Series 15 (2015)
George Shelley
46.3%
Series 15 (2015)
Jorgie Porter
46.2%
Series 16 (2016)
Sam Quek
45.9%
Series 12 (2012)
Colin Baker
45.7%
Series 14 (2014)
Jimmy Bullard
45.6%
Series 13 (2013)
Laila Morse
45.5%
Series 16 (2016)
Adam Thomas
45.4%
Series 5 (2005)
Antony Costa
45.2%
Series 15 (2015)
Kieron Dyer
45.1%
Series 12 (2012)
Linda Robson
44.8%
Series 1 (2002)
Christine Hamilton
44.7%
Series 9 (2009)
Jimmy White
43.9%
Series 9 (2009)
Gino D'Acampo
43.7%
Series
Contestant
% Correct
Series 13 (2013)
Matthew Wright
43.7%
Series 8 (2008)
George Takei
43.5%
Series 7 (2007)
Janice Dickinson
43.3%
Series 1 (2002)
Darren Day
43.1%
Series 6 (2006)
Matt Willis
43.1%
Series 16 (2016)
Danny Baker
42.3%
Series 15 (2015)
Tom Hadley
42%
Series 2 (2003)
Linda Barker
42%
Series 4 (2004)
Vic Reeves
42%
Series 1 (2002)
Rhona Cameron
41.9%
Series 14 (2014)
Tinchy Stryder
41.8%
Series 2 (2003)
Wayne Sleep
41.6%
Series 8 (2008)
Martina Navratilova
41.5%
Series 9 (2009)
George Hamilton
41.5%
Series 2 (2003)
Sian Lloyd
41.4%
Series 2 (2003)
John Fashanu
41.1%
Series 8 (2008)
David Van Day
40.9%
Series 5 (2005)
David Dickinson
40.6%
Series 12 (2012)
Hugo Taylor
39.9%
Series 10 (2010)
Kayla Collins
39.8%
Series 13 (2013)
Amy Willerton
39.8%
Series 4 (2004)
Brian Harvey
39.5%
Series 6 (2006)
Jason Donovan
39.4%
Series 10 (2010)
Linford Christie
39%
Series 14 (2014)
Kendra Wilkinson
39%
Series 13 (2013)
David Emanuel
38.9%
Series 15 (2015)
Brian Friedman
38.8%
Series 1 (2002)
Nell McAndrew
38.8%
Series 12 (2012)
Helen Flanagan
38.8%
Series 6 (2006)
Myleene Klass
38.7%
Series 8 (2008)
Esther Rantzen
38.1%
Series 13 (2013)
Rebecca Adlington
37.9%
Series 10 (2010)
Sheryl Gascoigne
37.7%
Series 14 (2014)
Edwina Currie
37.6%
Series 10 (2010)
Lembit Opik
37.6%
Series 9 (2009)
Kim Woodburn
37.1%
Series 14 (2014)
Craig Charles
36.9%
Series 7 (2007)
Katie Hopkins
36.8%
Series 13 (2013)
Lucy Pargeter
36.8%
Series 11 (2011)
Antony Cotton
36.5%
Series 7 (2007)
Jason 'J' Brown
36.2%
Series 5 (2005)
Jenny Frost
35.9%
Series 6 (2006)
David Gest
35.5%
Series 6 (2006)
Dean Gaffney
35.5%
Series 13 (2013)
Vincent Simone
35.5%
Series 9 (2009)
Camilla Dallerup
35.4%
Series 10 (2010)
Jenny Eclair
35.1%
Series 4 (2004)
Nancy Sorrell
35%
Series 12 (2012)
Limahl
34.9%
Series 6 (2006)
Lauren Booth
34.6%
Series 12 (2012)
Nadine Dorries
34.5%
Series 13 (2013)
Alfonso Ribeiro
34.5%
Series 16 (2016)
Larry Lamb
34.4%
Series 5 (2005)
Bobby Ball
34.3%
Series 5 (2005)
Sid Owen
34.1%
Series 6 (2006)
Faith Brown
34%
Series 11 (2011)
Willie Carson
33.8%
Series 11 (2011)
Sinitta
33.8%
Series 14 (2014)
Melanie Sykes
33.4%
Series 4 (2004)
Janet Street-Porter
33.3%
Series 4 (2004)
Sheila Ferguson
33.3%
Series 9 (2009)
Samantha Fox
33.3%
Series 15 (2015)
Yvette Fielding
33.2%
Series
Contestant
% Correct
Series 7 (2007)
Gemma Atkinson
33.2%
Series 8 (2008)
Nicola McLean
33%
Series 15 (2015)
Susannah Constantine
33%
Series 3 (2004)
Neil Ruddock
32.9%
Series 4 (2004)
Natalie Appleton
32.9%
Series 14 (2014)
Michael Buerk
32.3%
Series 3 (2004)
Lord Brocket
32.2%
Series 11 (2011)
Crissy Rock
31.7%
Series 8 (2008)
Timmy Mallett
31.3%
Series 5 (2005)
Kimberley Davies
30.4%
Series 9 (2009)
Justin Ryan
30.2%
Series 12 (2012)
Rosemary Shrager
30.1%
Series 2 (2003)
Danniella Westbrook
29.9%
Series 5 (2005)
Tommy Cannon
29.9%
Series 10 (2010)
Dom Jolly
29.4%
Series 11 (2011)
Pat Sharp
29.4%
Series 3 (2004)
Mike Read
29.3%
Series 8 (2008)
Carly Zucker
29%
Series 5 (2005)
Sheree Murphy
28.9%
Series 16 (2016)
Lisa Snowdon
28.8%
Series 7 (2007)
Anna Ryder Richardson
28.6%
Series 9 (2009)
Sabrina Washington
28.6%
Series 14 (2014)
Vicki Michelle
27.5%
Series 9 (2009)
Stuart Manning
27.4%
Series 9 (2009)
Joe Bugner
27.4%
Series 5 (2005)
Elaine Lordan
27.3%
Series 6 (2006)
Jan Leeming
27.2%
Series 10 (2010)
Alison Hammond
27.1%
Series 6 (2006)
Toby Anstis
26.9%
Series 10 (2010)
Nigel Havers
26.9%
Series 11 (2011)
Freddie Starr
26.4%
Series 14 (2014)
Nadia Forde
26.1%
Series 7 (2007)
Rodney Marsh
26.1%
Series 2 (2003)
Toyah Willcox
25.8%
Series 11 (2011)
Emily Scott
25.7%
Series 7 (2007)
Marc Bannerman
25.6%
Series 11 (2011)
Jessica-Jane Clement
25.5%
Series 10 (2010)
Britt Ekland
25.2%
Series 8 (2008)
Robert Kilroy-Silk
25.1%
Series 11 (2011)
Stefanie Powers
25%
Series 7 (2007)
Malcolm McLaren
24.8%
Series 5 (2005)
Jilly Goolden
24.7%
Series 13 (2013)
Annabel Giles
24.7%
Series 4 (2004)
Sophie Anderton
24.6%
Series 11 (2011)
Lorraine Chase
24.1%
Series 2 (2003)
Chris Bisson
23.5%
Series 12 (2012)
Brian Conley
23.5%
Series 9 (2009)
Colin McAllister
23%
Series 8 (2008)
Brian Paddick
22.8%
Series 4 (2004)
Fran Cosgrove
22.6%
Series 9 (2009)
Lucy Benjamin
22.4%
Series 3 (2004)
Diane Modahl
21.8%
Series 4 (2004)
Antonio Fargas 'Huggy Bear'
21.2%
Series 6 (2006)
Malandra Burrows
20.8%
Series 7 (2007)
Lynne Franks
20.8%
Series 10 (2010)
Aggro Santos
20.2%
Series 7 (2007)
John Burton Race
19.8%
Series 8 (2008)
Dani Behr
18.6%
Series 6 (2006)
Phina Oruche
17.9%
Series 2 (2003)
Catalina Guirado
17.6%
Series 6 (2006)
Scott Henshall
16.6%
Quiz Playlist
Details
Report
Send in Message
Add To Playlist
Classic:
Type in answers that appear in a list
Last Updated: Feb 16, 2017
Quiz Scoreboard
CHALLENGE
Sign Up to Join the Scoreboard
Show All
Scores
Hide
Comments
May contain spoilers
Recently Published
Pick 6: Fruits
by JohnFran
Miscellaneous
15s
Click the 1999 NBA Draft
by nibperrychub
Sports
2m
Alphabetical 'K' Countries by Flag Minefield
by ylime102
Geography
3m
More to Explore
Quiz From the Vault
Featured Blog Post
15 Basketball Trivia Facts You Can Be March Mad About
hide this ad
You Might Also Like...
Tags
Celebrity Quiz
United Kingdom Quiz
British
Contestants
Television Stars
Today's Top Quizzes in Television
Browse Television
hide this ad
Today's Top Quizzes in United Kingdom
Browse United Kingdom
Top Contributed Quizzes in Television
1
Hidden Simpsons Character
2
First Name TV: Leading Men
3
Hidden Simpsons Character XXIV
4
First Name TV: Leading Women Drama
5
Pick A Pair: Religious TV
6
Hidden Simpsons Character XXV
7
Demon Slayer Impossible Quiz
8
Hidden Simpsons Character XXVI
9
One Piece Logic Puzzle
10
I See Dead People
Explore More
Trending Topics
Disney
Crossword
NBA
Marvel
Harry Potter
Kpop
Anime
Pokémon
WWE
The Office
Song
Soccer
Puzzle
NFL
Country
hide this ad
More By:
mpoole793
Quiz
Plays
Rating
Category
Featured
Created
Movie by Repeated Quote
200,976
4.37
Movies
Apr 22, 2016
Movie by Repeated Quote II
129,865
4.28
Movies
Jun 8, 2016
Movie by Repeated Quote III
116,484
4.12
Movies
Jul 15, 2016
Movie by Repeated Quote V
84,899
4.16
Movies
Jan 10, 2017
Movie by Repeated Quote IV
82,707
4.16
Movies
Dec 25, 2016
Go to Creator's Profile
Score Distribution
Quiz Creator Spotlight
mpoole793
Follow
Send a Message
Quizzes Created
-
Created Quiz Play Count
-
More By This Creator
Popular Quizzes Today
1
Countries of Asia Without Outlines Minefield
2
Find the US States - No Outlines Minefield
3
Pick 6: Fruits
4
Alphabetical 'K' Countries by Flag Minefield
5
The Countries of the World
6
Find the US States
7
US States
8
Match the Book to the Film X
More Television Quizzes
Name the Brooklyn 99 Characters
Quiz Lab
Trending Quizzes
Pick 6: Mountains
Pick 6: Harry Potter
Pick 6: NFL Teams
Pick 6: Movie Franchises
Pick 6: Golfers
Recently Updated
NWSL Teams
pecheneg
Women's Final Four Teams by Year
bhenderson79
Presidents Quartet II
eogle
Anything But Clue(do)
eogle
Anything But Oceanian Capitals
eogle
Anything But 7
eogle
Anything But Thing
eogle
Word Ladder: February 29
pecheneg
Song Title Questions
pecheneg
Women's NCAA Tournament #1 Seeds
pecheneg
Trending Topics
Harry Potter
Anime
Kpop
Marvel
Disney
NBA
Crossword
NFL
Soccer
Country
Song
Puzzle
The Office
WWE
Pokémon
Your Account Isn't Verified!
In order to create a playlist on Sporcle, you need to verify the email address you used during registration. Go to your
Sporcle Settings
to finish the process.
Report this User
Report this user for behavior that violates our
Community Guidelines
.
Details:
Send Report
Go to the Sporcle.com Mobile Site →
Comments